| 000 | 00774nam a2200253 i 4500 | ||
|---|---|---|---|
| 001 | 19264 | ||
| 003 | ES-MaACL | ||
| 005 | 20230906152044.0 | ||
| 007 | t| | ||
| 008 | 020708s2001 sp ||||1| spa d | ||
| 080 | _a339.92 (4-672 UE:460) | ||
| 080 | _a32(4-672 UE) | ||
| 080 | _a341.176(4-672 UE:460) | ||
| 245 | 0 | 3 | _aEl papel de España en una Unión Europea ampliada. |
| 260 |
_aMadrid : _bCírculo de Empresarios, _c[2001] |
||
| 300 |
_a496 p. ; _c22 cm. |
||
| 490 | 1 | _aPublicaciones monográficas | |
| 610 | 2 | 7 |
_aUnión Europea- _zEspaña. _97020 |
| 610 | 2 | 7 |
_aUnión Europea- _xPolítica y gobierno. _97023 |
| 710 | 2 |
_aCírculo de Empresarios. _92821 |
|
| 830 | 0 |
_aPublicaciones monográficas _9179530 |
|
| 852 |
_aES-MaACL _jL-25699 |
||
| 999 |
_c19264 _d19264 |
||